000
00308nam a2200133Ia 4500
008
210210b1969 xxu||||| |||| 00| 0 eng d
082
_a
910.4 TRAV
100
_a
-
245
_a
Travels of Marco Polo.
260
_a
N Y
_b
Airmont Publishing Co.,
_c
1969
300
_a
320
690
_a
Travel
906
_a
038337
999
_c
88563
_d
88563